Beyond Smart Cities How Cities Network Learn and Innovate (Record no. 5260)

000 -LEADER
fixed length control field 00294nam a2200109Ia 4500
008 - FIXED-LENGTH DATA ELEMENTS--GENERAL INFORMATION
fixed length control field 200302s9999 xx 000 0 und d
100 ## - MAIN ENTRY--PERSONAL NAME
Personal name Tim Campbell
245 ## - TITLE STATEMENT
Title Beyond Smart Cities How Cities Network Learn and Innovate
260 ## - PUBLICATION, DISTRIBUTION, ETC.
Name of publisher, distributor, etc. Earthscan Publications Ltd.
260 ## - PUBLICATION, DISTRIBUTION, ETC.
Date of publication, distribution, etc. 2012
300 ## - PHYSICAL DESCRIPTION
Extent 236
Holdings
Withdrawn status Lost status Damaged status Not for loan Permanent Location Current Location Date acquired Cost, normal purchase price Full call number Barcode Date last seen Price effective from Koha item type
        BMS College of Architecture, Design and Planning BMS College of Architecture, Design and Planning 2020-03-03 3950.53 307.1216 CL-PG20976 2020-03-03 2020-03-03 PG Books from CL
Copyright © 2025, The Librarian, Library and Information Centre, BMSCA D&P, Bengaluru. All Rights Reserved
web counter

Powered by Koha